Syntetické substráty pre detekciu manozidáz a ich syntéza
Guardado en:
| Autor principal: | |
|---|---|
| Otros Autores: | |
| Formato: | Manuscrito Libro |
| Lenguaje: | eslovaco |
| Publicado: |
2023
|
| Materias: | |
| Acceso en línea: | http://is.stuba.sk/zp/portal_zp.pl?podrobnosti=165251 |
| Etiquetas: |
Sin Etiquetas, Sea el primero en etiquetar este registro!
|
MARC
| LEADER | 00000ntm a22000003a 4500 | ||
|---|---|---|---|
| 001 | stuzp94324 | ||
| 003 | SK-STU | ||
| 005 | 20230909221733.2 | ||
| 007 | ta | ||
| 008 | 150427s2015----xo-----f-mn---000-0-slo-d | ||
| 040 | |a STU |b slo | ||
| 041 | 0 | |a slo | |
| 100 | 1 | |a Mrenková, Patrícia |u 048140 |4 aut |U FCHPT Ústav organickej chémie, katalýzy a petrochémie |T FCHPT Oddelenie organickej chémie |X 112236 |U C8140 |Y 124 |7 112236 | |
| 242 | 0 | 1 | |a Synthetic substrates for detection of mannosidases and their syntheses |y eng |
| 245 | 1 | 0 | |a Syntetické substráty pre detekciu manozidáz a ich syntéza |
| 260 | |c 2023 | ||
| 650 | 4 | |a manozidáza |2 slo | |
| 650 | 4 | |a chemické sondy na detekciu manozidázy |2 slo | |
| 650 | 4 | |a chemické glykozidácie |2 slo | |
| 650 | 4 | |a chemical probes for the detection of mannosidase |2 eng | |
| 650 | 4 | |a mannosidase |2 eng | |
| 650 | 4 | |a chemical glycosidations |2 eng | |
| 700 | 1 | |a Babjak, Matej |u 048140 |k Z1 |4 ths |U FCHPT Ústav organickej chémie, katalýzy a petrochémie |T FCHPT Oddelenie organickej chémie |X 3911 |U C8140 |Y 124 |7 A000003911 | |
| 856 | 4 | |u http://is.stuba.sk/zp/portal_zp.pl?podrobnosti=165251 | |